| 000 | 00746nam a2200181 a 4500 | ||
|---|---|---|---|
| 005 | 20140412111232.0 | ||
| 008 | 020409s19uu xx 00 eng d | ||
| 050 |
_aM 611.61 _bHo83 1993 |
||
| 100 | _aBarille, Albert | ||
| 245 |
_aHow my body works : _bthe kidneys / _cAlbert Barille. |
||
| 260 |
_aLondon : _bOrbis Publishing, _c1993. |
||
| 300 | _a27 p. ; ill. | ||
| 440 | _aAn Orbis Play & learn Collection | ||
| 520 | _aIn this volume of How My Body Works you'll find out about the way your kidneys cleanse your blood and how urine gets rid of waste. Discover what you can do to help your kidneys i their important tasks. | ||
| 650 |
_aKidneys _xJuvenile literature |
||
| 650 |
_aHealth and Fitness _xJuvenile literature |
||
| 999 |
_c102229 _d102229 |
||